000 00509nam a22001937a 4500
003 OSt
005 20140310181911.0
008 130712t xxu||||| |||| 00| 0 eng d
050 _aBV 4515.2
_b.B534 1998
082 _aTR 268
_bB35-CQ 1998
245 _aCharacter quest : Second year high school /
_cSharon R. Berry
260 _aNashville :
_bLife Way,
_cc1998.
300 _a235 p.
_c22 cm.
521 _aFaculty
541 _j1
541 _j1
562 _e2
942 _2lcc
_cBK-TR
_kTR
999 _c6536
_d6536